| 000 | 00801nam a2200229Ia 4500 | ||
|---|---|---|---|
| 008 | 191130s2010##################000#0#eng## | ||
| 020 | _a9780262013406 | ||
| 022 | _a2009011078 | ||
| 040 |
_aACL _cACL |
||
| 082 | _a304.25 MAT | ||
| 245 |
_aGlobal environmental change and human security _cedited by Richard A. Matthew . . . [et al. ] |
||
| 260 |
_aCambridge, MA _bMIT Press _cc2010 |
||
| 300 | _ax, 327 p. : ill., map ; 24 cm | ||
| 500 | _aIncludes bibliographical references and index | ||
| 650 | _aGlobal environmental change - Social aspects | ||
| 650 | _aHuman beings - Effect of environment on | ||
| 650 | _aSecurity, International - Environmental aspects | ||
| 700 | _aMatthew, Richard Anthony | ||
| 990 | _a71ef9ca8ac10000c374c4b205ce5f00b | ||
| 991 | _a187144 | ||
| 999 |
_c195184 _d195184 |
||